Word Ladder: Why You Should Stay In Quiz Stats

Quiz Updated Dec 26, 2014

Challenge
Share
Tweet
Embed
Score 0/40 Timer 04:00
0 Plays Today
Hint 3-Letter Word % Correct
Adverb of excess: 'I ate ___ much!'TOO
96.8%
❄ '___ a Wonderful Life ❄IT'S
96.3%
Affleck, Kingsley, or Vereen, e.g.BEN
96%
A female deerDOE
95.9%
Math function to get sumADD
95.8%
Unlike 2, 4, 6, 8, ...ODD
95.7%
First prime numberTWO
95.1%
One of five on a footTOE
93.9%
Rapper Andre Young, a.k.a. Dr. ___DRE
93.8%
Belonging to usOUR
93.6%
Assist, supportAID
93.3%
❄ Not safe in baseball ❄OUT
93.1%
An electrically charged atom ION
92.5%
Small round mark or spotDOT
92.4%
Sheep bleatBAA
92.1%
Metal-bearing mineral or rockORE
92%
Rowboat propellerOAR
91.7%
Collapsible camp bedCOT
91.5%
Bullfighter's shout of triumphOLÉ
90.6%
Thick, black, sticky liquid TAR
90.5%
Hint 3-Letter Word % Correct
'Good' in ParisBON
90.4%
❄ Arthur of 'Maude' and 'Golden Girls' ❄BEA
89.2%
❄ Sea inlet larger than a cove ❄BAY
88.4%
❄ Chronologically advanced ❄OLD
88.4%
With 'Mai' a cocktailTAI
88.2%
Lodging establishmentINN
87.4%
With 'Jima' iconic WWII flag rasing siteIWO
86.9%
❄ UK track and field Olympian Sebastian ❄COE
86.3%
Shack, shantyHUT
85.7%
Safely batted ball in baseballHIT
85.3%
O.J. Simpson judge LanceITO
84.9%
To have removed from viewHID
84.1%
People in powerINS
81.5%
1st, 2nd, 3rd person plural present of 'be'ARE
70.6%
A refreshing fruity drinkADE
65.2%
With 'Bo' martial arts fitnessTAE
53.4%
❄ Chemical compound suffix ❄-IDE
50.3%
Drummer Cool from Green DayTRÉ
49.4%
❄ Traditional Okinawan martial arts weapon ❄SAI
40%
Oil viscosity designation; e.g. ___ 10W-30SAE
35.4%

Today's Daily Dose

Missing Word
'F' Science

Word Ladder
Guitar Heroes

Quick Pick
Zambian Borders

On This Day
April 22nd II

You're not logged in!

Compare scores with friends on all Sporcle quizzes.
Sign Up with Email
OR
Log In

You Might Also Like...

Show Comments

Extras

Top Quizzes Today


Score Distribution

Your Account Isn't Verified!

In order to create a playlist on Sporcle, you need to verify the email address you used during registration. Go to your Sporcle Settings to finish the process.

Report this User

Report this user for behavior that violates our Community Guidelines.

Details: